banner-ar

نشاة البيليوجرافيا القومية الشاملة الجارية / (Record no. 27725)

MARC details
000 -الفاتح
حقل البيانات ثابتة الطول 00526nam a2200145Ia 4500
008 - عناصر البيانات ثابتة الطول - معلومات عامة
حقل البيانات ثابتة الطول 140319s9999 xx 000 0 ara d
040 ## - مصدر الفهرسة
وكالة الفهرسة الأصلية GCL /
وكالة النسخ GCL
082 04 - رقم تصنيف ديوى العشرى
رقم التصنيف 015
رقم المادة ل ن
100 1# - المدخل الرئيسى - إسم شخصى
الإسم الشخصى ليندر، لروى هارولد
245 10 - بيان العنوان
العنوان نشاة البيليوجرافيا القومية الشاملة الجارية /
بيان المسئوليه,etc ليندر، لروى هارولد
700 1# - المدخل الاضافى - اسم شخصى
الإسم الشخصى عبدالمنعم محمد موسى
260 ## - PUBLICATION, DISTRIBUTION, ETC. (IMPRINT)
تاريخ النشر أو التوزيع 1984
490 ## - بيان السلسلة
عنوان السلسلة
260 ## - PUBLICATION, DISTRIBUTION, ETC. (IMPRINT)
-- [S.N] :
-- الهيئة المصرية العامة للكتاب ،
Holdings
حالة التراجع حالة الفقد حالة تلف ليس للاعارة المكان المؤقت الموقع الحالى تاريخ الاكتساب اجمالي اﻻعارات رقم الطلب الباركود تاريخ اخر مشاهدة تاريخ تفعيل السعر نوع وعاء كوها
        مكتبة القاهرة الكبرى مكتبة القاهرة الكبرى 03/26/2014   015\ل ن 63231 03/26/2014 03/26/2014 كتاب

Powered By

EGPV